| 000 | 01464nam a22004337a 4500 | ||
|---|---|---|---|
| 001 | 000095111 | ||
| 003 | CHAP | ||
| 005 | 20220329143056.0 | ||
| 008 | 060125d2003 mx r 00110 spa d | ||
| 010 | _a91577 | ||
| 011 | _a92549 | ||
| 020 | _a9707530111 | ||
| 035 | _a103114 | ||
| 040 | _cCHAP | ||
| 090 | _aFolleto 17131 | ||
| 100 | 1 |
_aMindek, Dubravka _975926 |
|
| 245 | 1 | 0 |
_aMixtecos / _c/por Dubravka Mindek. |
| 260 |
_aMéxico, D. F. : _bComisión Nacional para el Desarrollo de los Puelos Indígenas, _c2003. |
||
| 300 |
_a31 p. : _bilus. |
||
| 410 | 0 | 0 | _aPueblos Indígenas del México Contemporáneo |
| 590 |
_aBATCH-UPD _b10 _c20130110 _lUCH01 _h0630 |
||
| 590 |
_aBATCH-UPD _b10 _c20130410 _lUCH01 _h0313 |
||
| 590 |
_aBATCH-UPD _b10 _c20130914 _lUCH01 _h1632 |
||
| 590 |
_aBATCH-UPD _b10 _c20140827 _lUCH01 _h0949 |
||
| 590 |
_aCONVERSION _b10 _c20130109 _lUCH01 _h1351 |
||
| 590 |
_aE11695DGD _b10 _c20140903 _lUCH01 _h0907 |
||
| 650 | 1 | 4 |
_aIndios de Oaxaca _xMixtecos. _9128223 |
| 650 | 1 | 4 |
_aMixtecos _xEconomía. _9128144 |
| 650 | 1 | 4 |
_aMixtecos _xHistoria. _9128145 |
| 650 | 1 | 4 |
_aMixtecos _xOrganización social. _9128142 |
| 650 | 1 | 4 |
_aMixtecos _xReligión y mitología. _9128143 |
| 650 | 1 | 4 |
_aMixtecos _xVida social y costumbres. _9128141 |
| 830 | 0 |
_aPueblos Indígenas del México Contemporáneo _992892 |
|
| 901 | _aBK | ||
| 905 | _aLilia | ||
| 942 | _cFOLL | ||
| 942 | _n0 | ||
| 949 |
_aFolleto 17131 _bBC _cFOLL _d33724000968079 _eTS1 _i103114 _sb |
||
| 999 |
_c91577 _d91577 |
||